书目信息 |
| 题名: |
亘古英才:陆放翁
|
|
| 作者: | 万文武 著 | |
| 分册: | ||
| 出版信息: | 武汉 武汉大学出版社 1995.11 |
|
| 页数: | 365页 | |
| 开本: | 32开 | |
| 丛书名: | ||
| 单 册: | ||
| 中图分类: | K825.6 | |
| 科图分类: | ||
| 主题词: | 人物--传记--中国 | |
| 电子资源: | ||
| ISBN: | 7-307-02012-2 | |
| 000 | 00547nam0 2200193 45 | |
| 001 | 0010131116 | |
| 005 | 20001013115731.4 | |
| 010 | @a7-307-02012-2@d17.80元 | |
| 100 | @a20001013d1995 km y0chiy0120 ea | |
| 101 | 0 | @achi |
| 105 | @a z 000yy | |
| 200 | 1 | @a亘古英才:陆放翁@AGen Gu Ying Cai:Lu Fang Weng@f万文武著@FWan Wen Wu Zhu |
| 210 | @a武汉@c武汉大学出版社@d1995.11 | |
| 215 | @a365页@d32开 | |
| 606 | 0 | @a人物@x传记@x中国 |
| 690 | @aK825.6@v3 | |
| 701 | 0 | @a万文武@4著 |
| 801 | @aCN@bPftUser@c20001013 | |
| 905 | @b65727@dK825.6@eW875@f1 | |
| 亘古英才:陆放翁/万文武著.-武汉:武汉大学出版社,1995.11 |
| 365页;32开 |
| ISBN 7-307-02012-2:17.80元 |
| ● |
| 相关链接 |
|
|
|
正题名:亘古英才:陆放翁
索取号:K825.6/W875
 
预约/预借
| 序号 | 登录号 | 条形码 | 馆藏地/架位号 | 状态 | 备注 |
| 1 | 65727 | 200657271 | 社科库309/309社科库 52排5列4层/ [索取号:K825.6/W875] | 在馆 | |
| 2 | 65728 | 200657280 | 社科库309/309社科库 52排5列4层/ [索取号:K825.6/W875] | 在馆 | |
| 3 | 65729 | 200657299 | 社科库309/309社科库 52排5列4层/ [索取号:K825.6/W875] | 在馆 |